Compro la guerra : (Registro nro. 6785)
[ vista simple ]
| 000 -LEADER | |
|---|---|
| fixed length control field | 01290cam a2200301 a 4500 |
| 001 - CONTROL NUMBER | |
| control field | 13554069 |
| 003 - CONTROL NUMBER IDENTIFIER | |
| control field | OSt |
| 005 - DATE AND TIME OF LATEST TRANSACTION | |
| control field | 20200805131001.0 |
| 008 - FIXED-LENGTH DATA ELEMENTS--GENERAL INFORMATION | |
| fixed length control field | 040330s2002 ck grb 000 0 spa |
| 010 ## - LIBRARY OF CONGRESS CONTROL NUMBER | |
| LC control number | 2004403245 |
| 020 ## - INTERNATIONAL STANDARD BOOK NUMBER | |
| International Standard Book Number | 9589674690 |
| 040 ## - CATALOGING SOURCE | |
| Original cataloging agency | DLC |
| Transcribing agency | CO-JMCR |
| 041 0# - LANGUAGE CODE | |
| Language code of text/sound track or separate title | spa |
| 082 04 - DEWEY DECIMAL CLASSIFICATION NUMBER | |
| Classification number | 986.126 / |
| Item number | P944c |
| Edition number | 23 |
| 100 1# - MAIN ENTRY--PERSONAL NAME | |
| Personal name | Pérez Gutiérrez, Luis. |
| Relator term | autor |
| 9 (RLIN) | 8446 |
| 245 10 - TITLE STATEMENT | |
| Title | Compro la guerra : |
| Remainder of title | política pública de seguridad y de reincorporación a la civilidad / |
| Statement of responsibility, etc. | Luis Pérez Gutiérrez. |
| 250 ## - EDITION STATEMENT | |
| Edition statement | Primera edición |
| 260 ## - PUBLICATION, DISTRIBUTION, ETC. | |
| Place of publication, distribution, etc. | Medellín : |
| Name of publisher, distributor, etc. | ITM, |
| Date of publication, distribution, etc. | 2002. |
| 300 ## - PHYSICAL DESCRIPTION | |
| Extent | 137 páginas ; |
| Dimensions | 21 cm. |
| 490 1# - SERIES STATEMENT | |
| Series statement | Deliberate |
| 504 ## - BIBLIOGRAPHY, ETC. NOTE | |
| Bibliography, etc. note | Bibliografía: páginas136. |
| 520 0# - SUMMARY, ETC. | |
| Summary, etc. | Me alegra constatar que el compromiso del Alcalde de Medellín con la recuperación del orden y la libertad en la ciudad está fundamentado en la búsqueda de bienestar para todos sus habitantes. Compro la guerra representa otro aporte innovador y democrático a las soluciones para construir la paz en nuestra patria. |
| 650 14 - SUBJECT ADDED ENTRY--TOPICAL TERM | |
| Topical term or geographic name entry element | Conflicto social |
| Geographic subdivision | Colombia |
| -- | Medellín |
| 9 (RLIN) | 8447 |
| 650 24 - SUBJECT ADDED ENTRY--TOPICAL TERM | |
| Topical term or geographic name entry element | Violencia |
| General subdivision | Prevención |
| Geographic subdivision | Medellín |
| -- | Colombia |
| 9 (RLIN) | 8448 |
| 650 24 - SUBJECT ADDED ENTRY--TOPICAL TERM | |
| Topical term or geographic name entry element | Construcción de la paz |
| Geographic subdivision | Colombia |
| -- | Medellín Metropolitan |
| 9 (RLIN) | 8449 |
| 830 #0 - SERIES ADDED ENTRY--UNIFORM TITLE | |
| Uniform title | Deliberare. |
| 9 (RLIN) | 8450 |
| 942 ## - ADDED ENTRY ELEMENTS (KOHA) | |
| Source of classification or shelving scheme | Dewey Decimal Classification |
| Koha item type | Books |
| Withdrawn status | Lost status | Source of classification or shelving scheme | Damaged status | Not for loan | Home library | Current library | Shelving location | Date acquired | Source of acquisition | Total Checkouts | Full call number | Barcode | Date last seen | Date last checked out | Copy number | Price effective from | Koha item type |
|---|---|---|---|---|---|---|---|---|---|---|---|---|---|---|---|---|---|
| Dewey Decimal Classification | Biblioteca Pública José María del Castillo y Rada | Biblioteca Pública José María del Castillo y Rada | General Stacks | 04/15/2018 | Donación | 1 | 986.126 / P944c | 201809970 | 05/16/2024 | 09/16/2022 | Ej.1 | 08/05/2020 | Books |